| 000 | 00465nam a2200169Ia 4500 | ||
|---|---|---|---|
| 003 | GCL | ||
| 008 | 140319s9999 xx 000 0 eng d | ||
| 040 |
_aGCL / _cGCL |
||
| 082 | 0 | 4 |
_a700.92 _bK D |
| 100 | 1 | _aKALTENBACH, G.E. | |
| 245 | 1 | 0 |
_aDICTIONARY OF PRONUCIATION OF ARTIST'S NAMES / _cKALTENBACH, G.E. |
| 260 |
_a[S.N] : _bTHE ART INSTITUTE OF CHICAE ، _c1960 |
||
| 300 | _a74 P | ||
| 650 | 0 | 4 | _aDICTIONARIES |
| 650 | 0 | 4 | _aARTISTS - NAMES |
| 942 |
_2ddc _cBK |
||
| 999 |
_c12110 _d12110 |
||